000 01084cam a22002775a 4500
001 82156
003 BD-RjUL
005 20231018151855.0
008 231018s1965 p a 000 0 per
035 _a(BD-RjUL) 82156
040 _aDLC
_cDLC
_dDLC
_beng
041 0 _aper
_aurd
082 _223
_a891.5512
_bGHK 1965
100 1 _aغالب، ميرزا عبدالله خان.;; Ghalib, Mirza Asadullah Khan,
_d1797-1869.
_99674
245 1 0 _aکليات غالب فارسى ;; Kulliyāt-i G̲h̲ālib Fārsī /
_cAuthor: / Mirza Asadullah Khan Ghalib ;; ميرزا عبد الله خان غالب
246 1 _aKulliyat-e-Ghalib Farsi
260 _a Lāhūr, :
_b شيخ مبارك على تاجر و ناشر كتب،,/ Shaikh Mubārak ʻAlī Tājir va Nāshir-i kutub, Lāhūr,
_c[1965]
300 _a667 p. ;
_c23 cm
500 _aPoems.
650 _aPersian poetry
650 _aPersian poetry
_z India
_y19th century
_99675
710 2 _aGhalib Institute.
_99676
942 _2ddc
_cBK
999 _c82156
_d82156